Normal view
MARC view
- Supervisor DR. IMRAN SHAFI
Entry Personal Name
001 - CONTROL NUMBER
- control field: 69941
003 - CONTROL NUMBER IDENTIFIER
- control field: NUST
005 - DATE AND TIME OF LATEST TRANSACTION
- control field: 20210628204331.0
008 - FIXED-LENGTH DATA ELEMENTS
- fixed length control field: 210628|| aca||aabn | a|a d
040 ## - CATALOGING SOURCE
- Original cataloging agency: NUST
- Transcribing agency: NUST
100 ## - HEADING--PERSONAL NAME
- Personal name: Supervisor DR. IMRAN SHAFI
670 ## - SOURCE DATA FOUND
- Source citation: Work cat.: (NUST): ALI JAVAID 69940, TH-SOF-1653-Modeling and Simulation of Turbulence Induced In-Nozzle Cavitation in a Heavy Duty Diesel Engine, 2019
